00485nam a22001577a 4500010001500000020002600015035001400041037001300055082001100068100002400079245006600103260004400169270007300213300002800286505001300314 aENG-119551 a9789380357898c450.00 aEN-103083 bDBAD/PUB a954.56 aRoy Barman, Bhaskar aLiterato-cultural history of tripura /cby Bhaskar Roy Barman aTripurabNaba Chandana Prakashanic2017 aRamnagar, Road No-2 (West) P.O. Ramnagar, Agartala,bTripurae799002 a112p.:c22cm(Hb)b ill. a Vol - I